Central Library OPAC University of Rajshahi

فصول اکبرى / Fuṣūl-i Akbarī/ (Record no. 82930)

MARC details
000 -LEADER
fixed length control field 00857cam a2200241 a 4500
001 - CONTROL NUMBER
control field 82930
003 - CONTROL NUMBER IDENTIFIER
rucl marc code BD-RjUL
005 - DATE AND TIME OF LATEST TRANSACTION
control field 20240204114333.0
008 - FIXED-LENGTH DATA ELEMENTS--GENERAL INFORMATION
fixed length control field 150613s1900 ii 000 0 per d
035 ## - SYSTEM CONTROL NUMBER
System control number (BD-RjUL)82930
040 ## - CATALOGING SOURCE
Original cataloging agency PUL
Language of cataloging eng
Transcribing agency PUL
Modifying agency OCLCQ
-- OCLCG
-- PUL
-- OCLCQ
-- DLC
041 ## - LANGUAGE CODE
Language code of text/sound track or separate title eng
082 ## - DEWEY DECIMAL CLASSIFICATION NUMBER
Edition number 23
Classification number 892.75
Author mark and year ALF 1882
100 0# - MAIN ENTRY--PERSONAL NAME
Personal name Ali Akbar;;على اکبر.‏
9 (RLIN) 11400
245 10 - TITLE STATEMENT
Title فصول اکبرى / Fuṣūl-i Akbarī/
Statement of responsibility, etc. على اکبر ه Ali Akbar ; aietiqad husayn ;; اعتقاد حسين
260 ## - PUBLICATION, DISTRIBUTION, ETC. (IMPRINT)
Place of publication, distribution, etc. Kānpūr:
Name of publisher, distributor, etc. نول کشور،,
Date of publication, distribution, etc. 1882
300 ## - PHYSICAL DESCRIPTION
Pagination 280 pages ;
Size 26 cm
500 ## - GENERAL NOTE
General note Commentary on M. Akbar Ilāhābādi's Fuṣūl-i Akbarī.
600 10 - SUBJECT ADDED ENTRY--PERSONAL NAME
Personal name ʻAlī Akbar,
Dates associated with a name -1680 or 1681.
Title of a work Fuṣūl-i Akbarī.
650 #0 - SUBJECT ADDED ENTRY--TOPICAL TERM
Topical term or geographic name as entry element Arabic language
General subdivision Grammar.
700 1# - ADDED ENTRY--PERSONAL NAME
Personal name اعتقاد حسين
942 ## - ADDED ENTRY ELEMENTS (KOHA)
Koha item type Books
Source of classification or shelving scheme Dewey Decimal Classification
Holdings
Lost status Source of classification or shelving scheme Damaged status Not for loan Collection code Permanent Location Current Location Shelving location Date acquired Total Checkouts Full call number Date last seen Copy number Koha item type
  Dewey Decimal Classification   Not For Loan Non-fiction Central Library, University of Rajshahi Central Library, University of Rajshahi Reading Room 04/02/2024   F 892.75 ALF 1882 04/02/2024 C-1 Books